00668nam a2200205Ia 4500003000400000008004100004020002700045040000800072100002500080245004700105260003000152300001300182365001200195901002100207902003700228903005800265942001200323952011000335999001700445LDD181029s9999 xx 000 0 und d a9780415975056cP 80.00 cLDD aShoemaker, Pamela J. 0aNews around the worldcPamela J. Shoemaker aNew YorkbRoutledgec2006 ax, 409p. bP 80.00 a7555b09-09-2011 a6912b16-09-2011cFdSELECTeFTF aDiscount-15bReqst by : K.S. Arul Selvan  2ddccBK 00102ddc4070997583aLDDbLDDl1o070.4 Sh73Np080918r2019-05-14s2019-02-07v5996.00w2018-11-01yBK c97584d97584